000 00323nam a22001217a 4500
082 _a347.5491072
_bMAH
100 _aMahmood, M.
245 _aLaw of Pleading:
_bpractice and Procedure /
_cM. Mahmood
260 _aLahore :
_bAl-Qanoon Publishers,
_c2021.
300 _a1492 p. ;
_c24 cm.
563 _aHBK.
942 _2ddc
_cBK
999 _c592418
_d592418